<?xml version="1.0" encoding="UTF-8"?>
<record
    xmlns:xsi="http://www.w3.org/2001/XMLSchema-instance"
    xsi:schemaLocation="http://www.loc.gov/MARC21/slim http://www.loc.gov/standards/marcxml/schema/MARC21slim.xsd"
    xmlns="http://www.loc.gov/MARC21/slim">

  <leader>00320nam a22001337a 4500</leader>
  <datafield tag="999" ind1=" " ind2=" ">
    <subfield code="c">5713</subfield>
    <subfield code="d">5711</subfield>
  </datafield>
  <controlfield tag="005">20210831130325.0</controlfield>
  <controlfield tag="008">180628b        xxu||||| |||| 00| 0 eng d</controlfield>
  <datafield tag="041" ind1=" " ind2=" ">
    <subfield code="a">eng</subfield>
  </datafield>
  <datafield tag="100" ind1=" " ind2=" ">
    <subfield code="a">BANGIA, DR, R.K.</subfield>
    <subfield code="9">6845</subfield>
  </datafield>
  <datafield tag="245" ind1=" " ind2=" ">
    <subfield code="a">LAW  OF TORTS</subfield>
  </datafield>
  <datafield tag="260" ind1=" " ind2=" ">
    <subfield code="a">FARIDABAD</subfield>
    <subfield code="b">ALLAHABAD LAW AGENCY</subfield>
    <subfield code="c">2017</subfield>
  </datafield>
  <datafield tag="300" ind1=" " ind2=" ">
    <subfield code="a">703p, </subfield>
  </datafield>
  <datafield tag="942" ind1=" " ind2=" ">
    <subfield code="c">BK</subfield>
  </datafield>
  <datafield tag="952" ind1=" " ind2=" ">
    <subfield code="0">0</subfield>
    <subfield code="1">0</subfield>
    <subfield code="4">0</subfield>
    <subfield code="7">0</subfield>
    <subfield code="8">LAW</subfield>
    <subfield code="a">JRU</subfield>
    <subfield code="b">JRU</subfield>
    <subfield code="c">SHELF-29-C</subfield>
    <subfield code="d">2018-06-28</subfield>
    <subfield code="g">475.00</subfield>
    <subfield code="l">17</subfield>
    <subfield code="m">3</subfield>
    <subfield code="o">346.03</subfield>
    <subfield code="p">22387</subfield>
    <subfield code="r">2026-02-18 07:57:06</subfield>
    <subfield code="s">2026-01-27</subfield>
    <subfield code="w">2018-06-28</subfield>
    <subfield code="y">BK</subfield>
  </datafield>
  <datafield tag="952" ind1=" " ind2=" ">
    <subfield code="0">0</subfield>
    <subfield code="1">0</subfield>
    <subfield code="4">0</subfield>
    <subfield code="7">0</subfield>
    <subfield code="8">LAW</subfield>
    <subfield code="a">JRU</subfield>
    <subfield code="b">JRU</subfield>
    <subfield code="c">SHELF-29-C</subfield>
    <subfield code="d">2018-06-28</subfield>
    <subfield code="g">475.00</subfield>
    <subfield code="l">17</subfield>
    <subfield code="m">8</subfield>
    <subfield code="o">346.03</subfield>
    <subfield code="p">22388</subfield>
    <subfield code="r">2025-12-26 08:43:18</subfield>
    <subfield code="s">2025-12-03</subfield>
    <subfield code="w">2018-06-28</subfield>
    <subfield code="y">BK</subfield>
  </datafield>
</record>
